000 003260000a22001450004500
003 MACL
040 _aMACL
090 _c33474
_d33472
100 _aSudha Publications
245 _aGrammar For competitive Exam
260 _bSudha Publications
_c2001
650 _aGrammer
942 _cBOOK
_k415/Sud
951 _o415/Sud BOOK
999 _c33124
_d33124